Score 0/34 Timer 05:00
0 Plays Today
Hint Answer % Correct
Afternoon napSIESTA
77.6%
Filmstar dogLASSIE
76.8%
GloveMITTEN
72.4%
To do with the mindMENTAL
71.1%
Part of a flowerSTAMEN
70.6%
Stringed instrumentsVIOLAS
70.2%
RecluseHERMIT
66.7%
WholeENTIRE
65.8%
GiftTALENT
62.3%
Put back in the mailRESEND
61.4%
WhitenBLEACH
57%
RenterTENANT
53.1%
FinishENDING
53.1%
PainfulACHING
49.1%
O.T. bookESTHER
48.2%
___ Berlusconi (Italian billionaire tax evader)SILVIO
48.2%
ServiceableUSABLE
47.4%
Hint Answer % Correct
HymnANTHEM
46.9%
Boxed in; edgedHEMMED
46.5%
Mythical monsterMEDUSA
46.5%
SpiceGINGER
43.4%
RodentGERBIL
41.2%
Jean-Auguste-Dominique ____ (French Neoclassical painter)INGRES
40.8%
MinimumLOWEST
39%
OfficeTENURE
39%
SwellBILLOW
32.5%
Lymphoid glandTONSIL
31.6%
AngryIREFUL
28.9%
Kidney to bladder ductURETER
28.9%
StartORIGIN
22.8%
One serving a period of timeTERMER
22.4%
Weasel-like mammalMARTEN
19.3%
Oxford collegeMERTON
16.2%
SeabirdFULMAR
13.2%

You're not logged in!

Compare scores with friends on all Sporcle quizzes.
OR
Log In

Sporcle TV

Today on Sporcle TV


Watch our educational content, quiz creation guides, and fun videos on Sporcle TV.

Show Comments

Extras

Top Quizzes Today


Score Distribution

Paid Content

Your Account Isn't Verified!

In order to create a playlist on Sporcle, you need to verify the email address you used during registration. Go to your Sporcle Settings to finish the process.

Report this User

Report this user for behavior that violates our Community Guidelines.

Details: